000 00920nam a2200241Ia 4500
003 OSt
005 20221005112224.0
006 a|||||r|||| 00| 0
007 ta
008 221004b |||||||| |||| 00| 0 pan d
020 _a9788171435685 (hbk)
_c160
024 _a2613
037 _b689, 16/01/2013, Bright Book Service
_cTextual
040 _aCRL
_cCRL
_bpan
041 _2pan
_apan
082 _aY73(P153):351, 153Q2
100 _aਗਿੱਲ, ਰੁਪਿੰਕਰਜੀਤ
245 0 _aਪੰਜਾਬੀ ਲੋਕ ਵਿFਵਾਸ
_b ਪੇFਕਾਰੀ ਤੇ ਵਿFਲੇFਣ
260 _aਅੰਮ੍ਰਿਤਸਰ
_bਰਵੀ ਸਾਹਿਤ ਪ੍ਰਕਾFਨ ਭਾਰਤ
_c2012
300 _a144ਪੰ
_ccm.
942 _hY73(P153):351, 153Q2
_cTEXL
_2cc
999 _c1024236
_d1024236